| 000 | 00374nam a22001577a 4500 | ||
|---|---|---|---|
| 020 | _a9781420091892 | ||
| 082 |
_a637.1 _bOWE/PO |
||
| 245 | _aPoultrty Meat Processing | ||
| 250 | _a2 nd | ||
| 260 |
_aBoca Raton _bCRC Press _c2010 |
||
| 300 | _a441 | ||
| 700 |
_aOwens,Casey M. _9952 |
||
| 700 |
_aAlvarado,Christine Z. _9953 |
||
| 700 |
_aSams,Alan R. _9954 |
||
| 942 | _cREF | ||
| 999 |
_c14549 _d14549 |
||